Como prepararse para las organizaciones del futuro
Guardat en:
| Autors principals: | , |
|---|---|
| Format: | Llibre |
| Idioma: | espanyol |
| Publicat: |
Barcelona
Folio
1997
|
| Col·lecció: | Biblioteca IESE de Gestión de Empresas
|
| Matèries: | |
| Etiquetes: |
Afegir etiqueta
Sense etiquetes, Sigues el primer a etiquetar aquest registre!
|
MARC
| LEADER | 00000nam a2200000 a 4500 | ||
|---|---|---|---|
| 001 | UCR6028 | ||
| 003 | CL-VaPUC | ||
| 008 | 980409e19970000SP |||||||||||||||||spa|d | ||
| 082 | 0 | 4 | |a 658.406 |b RIC |2 21 |
| 100 | 0 | |a Ricart, Joan Enric |e author |9 407088 | |
| 700 | 0 | |a Alvarez, José Ñuis |e author |9 407089 | |
| 245 | 1 | 0 | |a Como prepararse para las organizaciones del futuro |
| 300 | |a 90 p | ||
| 942 | |c BK | ||
| 945 | |d 19980409 00:00:00 |a rleighto | ||
| 260 | |a Barcelona |b Folio |c 1997 | ||
| 650 | 0 | |a Organizaciones |9 337993 | |
| 650 | 0 | |a Administración de empresas |9 260833 | |
| 650 | 7 | |a TRABAJO EN EQUIPO |2 CL-VaPUC |9 393025 | |
| 650 | 0 | |a Sistemas de información |9 260286 | |
| 650 | 0 | |a Recursos humanos |9 228420 | |
| 650 | 0 | |a Redes sociales |9 327959 | |
| 650 | 0 | |a Cambio organizacional |9 260741 | |
| 583 | |a last modification |c 19980409 00:00:00 |k Rodrigo Vera | ||
| 490 | 0 | |a Biblioteca IESE de Gestión de Empresas | |
| 999 | |c 268345 |d 268343 | ||
| 952 | |0 0 |1 0 |4 0 |6 658_406000000000000_RIC_1997 |7 0 |8 A |9 301412 |a BIBENE |b BIBENE |d 2019-11-20 |i 3405869 |o 658.406 RIC 1997 |p 3405869 |r 2025-01-15 |w 2019-11-20 |y BK |k ICO | ||
| 952 | |0 0 |1 0 |4 0 |6 658_406000000000000_RIC_1997 |7 0 |8 A |9 301413 |a BIBENE |b BIBENE |d 2019-11-20 |i 3405877 |o 658.406 RIC 1997 |p 3405877 |r 2025-01-15 |w 2019-11-20 |y BK |k ICO | ||